000 00295nam a2200121Ia 4500
008 190216s9999||||xx |||||||||||||| ||und||
100 _aKamaludeen
245 0 _aSambathika Asuthrana Sidhandham
260 _bKerala Bhasha Institute
_c1971
300 _a240p
650 _aEconomics
942 _cBK
999 _c38195
_d38195